Textbook of practical organic chemistry including qualitative organic analysis (Record no. 20531)

MARC details
000 -LEADER
fixed length control field 00334nam a2200121Ia 4500
082 ## - DEWEY DECIMAL CLASSIFICATION NUMBER
Classification number 547
Item number VOG;1
100 ## - MAIN ENTRY--AUTHOR NAME
Personal name Arthur I
245 #0 - TITLE STATEMENT
Title Textbook of practical organic chemistry including qualitative organic analysis
250 ## - EDITION STATEMENT
Edition statement Ed.3
260 ## - PUBLICATION, DISTRIBUTION, ETC. (IMPRINT)
Place of publication London
Name of publisher Longmans
Year of publication 1956
942 ## - ADDED ENTRY ELEMENTS (KOHA)
Koha item type Books
Holdings
Withdrawn status Lost status Damaged status Not for loan Home library Current library Date acquired Cost, normal purchase price Full call number Accession Number Koha item type
        RRII Library RRII Library 16/12/2021 45.50 547 VOG;1 01255 Books